Arvidsjaurfältet och dess förhållande till omgivande berggrund, (Record no. 28215)

MARC details
000 -LEADER
fixed length control field 01143cam a22003011 4500
001 - CONTROL NUMBER
control field gs 47000336
003 - CONTROL NUMBER IDENTIFIER
control field DLC
005 - DATE AND TIME OF LATEST TRANSACTION
control field 20260227111353.0
008 - FIXED-LENGTH DATA ELEMENTS--GENERAL INFORMATION
fixed length control field 891026s1946 sw b b 000 0 swe c
010 ## - LIBRARY OF CONGRESS CONTROL NUMBER
LC control number gs 47000336
035 ## - SYSTEM CONTROL NUMBER
System control number (OCoLC)20552797
040 ## - CATALOGING SOURCE
Original cataloging agency U.S. Geol. Survey. Library
Transcribing agency CU
Modifying agency CU
-- DLC
041 0# - LANGUAGE CODE
Language code of text/sound track or separate title swe
Language code of summary or abstract eng
042 ## - AUTHENTICATION CODE
Authentication code premarc
050 00 - LIBRARY OF CONGRESS CALL NUMBER
Classification number QE282
Item number .A3 ser. C, no. 474
082 ## - DEWEY DECIMAL CLASSIFICATION NUMBER
Classification number 554.88
100 1# - MAIN ENTRY--PERSONAL NAME
Personal name Grip, Erland,
Dates associated with a name 1905-
245 00 - TITLE STATEMENT
Title Arvidsjaurfältet och dess förhållande till omgivande berggrund,
Statement of responsibility, etc. av Erland Grip ...
260 ## - PUBLICATION, DISTRIBUTION, ETC.
Place of publication, distribution, etc. Stockholm,
Name of publisher, distributor, etc. Kungl. boktryckeriet, P.A. Norstedt & söner,
Date of publication, distribution, etc. 1946.
300 ## - PHYSICAL DESCRIPTION
Extent 31 p. incl. profiles.
Other physical details maps (1 fold.)
Dimensions 24 cm.
490 1# - SERIES STATEMENT
Series statement Sweden. Geologiska undersökningen. Ser. C. Avhandlingar och uppsatser.
Volume/sequential designation n:o 474. Årsbok 39 (1945) n:o 7
500 ## - GENERAL NOTE
General note At head of title: Sveriges geologiska undersökning ...
500 ## - GENERAL NOTE
General note Summary in English.
504 ## - BIBLIOGRAPHY, ETC. NOTE
Bibliography, etc. note "Litteratur": p. 31.
650 #0 - SUBJECT ADDED ENTRY--TOPICAL TERM
Topical term or geographic name entry element Geology
Geographic subdivision Sweden
-- Arvidsjaur.
830 #0 - SERIES ADDED ENTRY--UNIFORM TITLE
Uniform title Ser. C--Avhandlingar och uppsatser ;
Volume/sequential designation n:o 474.
830 #0 - SERIES ADDED ENTRY--UNIFORM TITLE
Uniform title Årsbok (Sveriges geologiska undersökning) ;
Volume/sequential designation 39 : n:o 7.

No items available.

Powered by Koha